[Event "Pohar mesta Ricany 2010 - cena Klidneho mesta"]
[Site "http://www.openricany.cz"]
[Date "2010.08.22"]
[Round "2.44"]
[White "Rydl J."]
[Black "Plasil"]
[Result "0-1"]
[WhiteElo "1906"]
[BlackElo "1809"]

1. e4 g6 2. d4 Bg7 3. Nc3 d6 4. f4 e6 5. Nf3 Ne7 6. Bd3 d5 7. e5 c5 8. Nb5 Nf5
9. dxc5 O-O 10. O-O Ne7 11. Be3 Nbc6 12. c3 Bd7 13. Nd6 Qc7 14. Bd4 Nc8 15. Qe1
Nxd4 16. cxd4 Qd8 (16... Nxd6 17. cxd6 Qd8 18. Ng5 Rc8 19. Kh1 f6 20. Nf3 Qe8
21. Qe2 Bh6 22. g3 Qf7 23. Nh4 Qg7 24. a4 Rfe8 25. Nf3 Qf7 26. b4 Bg7 27. Bb5 f5 (
27... fxe5 {dale necitelne})) 0-1

[Event "Pohar mesta Ricany 2010 - cena Klidneho mesta"]
[Site "http://www.openricany.cz"]
[Date "2010.08.22"]
[Round "2.42"]
[White "Lexa, Vaclav"]
[Black "Cap, Adam"]
[Result "0-1"]
[WhiteElo "1909"]
[BlackElo "1693"]

1. d4 Nf6 2. c4 g6 3. Nc3 Bg7 4. e4 d6 5. Nf3 O-O 6. Be2 Nbd7 7. O-O e5 8. d5
Ne8 9. Ne1 f5 10. f3 f4 11. Rb1 Rf7 12. b4 Bf8 13. Nd3 g5 14. g4 fxg3 15. hxg3
Qf6 16. Rf2 Rg7 17. Qf1 h5 18. Nd1 Qg6 19. Qg2 Be7 20. Ne3 Ndf6 21. Rb2 Bd7
22. Ne1 g4 23. Nf5 Bxf5 24. exf5 Qh7 25. fxg4 Nxg4 26. Bxg4 Rxg4 27. Qf3 Nf6
28. Rh2 Qg7 29. Rbg2 Kf7 30. Rh4 Rg8 31. Rxg4 Qxg4 32. Qf1 Qd4+ 33. Kh1 Ng4
34. Nf3 Qe4 35. f6 Bxf6 36. Ng5+ Rxg5 37. Bxg5 Kg6 38. Bc1 Bg5 39. Bxg5 Kxg5
40. Qe2 Ne3 41. Kh2 Qxg2+ 42. Qxg2 Nxg2 43. Kxg2 Kg4 0-1

[Event "Pohar mesta Ricany 2010 - cena Klidneho mesta"]
[Site "http://www.openricany.cz"]
[Date "2010.08.22"]
[Round "2.13"]
[White "Rut, Vojtech"]
[Black "Hadzala, Daniel"]
[Result "0-1"]
[WhiteElo "1972"]
[BlackElo "2105"]

1. d4 Nf6 2. Bg5 e6 3. e4 h6 4. Bxf6 Qxf6 5. Nc3 b6 6. Nf3 Bb7 7. Bd3 d6 8. Qe2
a6 9. O-O-O Nd7 10. Kb1 g6 11. h4 Bg7 12. a4 Qe7 13. Bc4 c6 14. Bb3 b5 15. axb5
cxb5 16. e5 d5 17. h5 g5 18. Rhe1 O-O-O 19. Nh2 Nb6 20. Ng4 Kb8 21. Na2 Rc8
22. Nc1 Qc7 23. Nd3 Bf8 24. Qf3 Nc4 25. Qf6 Qa5 26. Qxh8 Bb4 27. Qxc8+ Kxc8
28. Nxb4 Qxb4 29. Bxc4 dxc4 30. c3 Qb3 31. Rc1 Bxg2 32. Nxh6 Bf3 33. Nxf7 Bxh5
34. Nxg5 Bg6+ 35. Ne4 b4 36. Rc2 a5 37. Kc1 Qa2 38. cxb4 axb4 39. Kd2 Kd7 40. b3
c3+ 41. Kd3 Qxb3 42. Rec1 Bxe4+ 43. Kxe4 Kc6 44. f4 Qd5+ 45. Ke3 Kb5 46. Rxc3
bxc3 47. Rxc3 Qg2 48. Rc5+ Kb6 49. Rc8 Qg3+ 50. Ke4 Qe1+ 51. Kf3 Qd2 52. Rd8
Qd3+ 53. Kf2 Qe4 54. Rd6+ Kb5 55. Kg3 Qg6+ 56. Kf3 Kc4 57. Kf2 Qf5 58. Kg3 Kd3
59. d5 exd5 60. Rf6 Qe4 61. e6 Ke3 62. Kg4 d4 63. Kg5 d3 64. Rf5 d2 65. Re5 d1=Q
66. Rxe4+ Kxe4 67. e7 Qd7 68. Kf6 Qe8 69. f5 Kd5 0-1

[Event "Pohar mesta Ricany 2010 - cena Klidneho mesta"]
[Site "http://www.openricany.cz"]
[Date "2010.08.22"]
[Round "2.19"]
[White "Hampel, Rudolf"]
[Black "Pospisil, Evzen"]
[Result "0-1"]
[WhiteElo "1800"]
[BlackElo "2161"]

1. e4 c5 2. Nc3 d6 3. g3 Nc6 4. Bg2 g6 5. Nge2 Bg7 6. O-O e6 7. d3 Nge7 8. Be3
Nd4 9. Qd2 O-O 10. Rac1 Re8 11. Nd1 Nec6 12. c3 Nxe2+ 13. Qxe2 Qa5 14. b3 Bd7
15. f4 Rac8 16. Qd2 b5 17. Nf2 b4 18. c4 Bc3 19. Qe2 Nd4 20. Bxd4 Bxd4 21. Kh1
Qc7 22. Ng4 h5 23. Ne3 a5 24. Qd2 a4 25. g4 Bxe3 26. Qxe3 hxg4 27. Qg3 Kg7
28. Qxg4 f5 29. Qg3 Rh8 30. h3 Bc6 31. Kg1 Kf7 32. Rce1 Qe7 33. Qe3 Qf6 34. exf5
gxf5 35. Bxc6 Rxc6 36. Rf3 Rcc8 37. Kh2 Rcg8 38. Qe2 a3 39. Qf2 Rg6 40. Rg1 Rhg8
41. Rxg6 Rxg6 42. Re3 Qd4 43. Qe2 Qxf4+ 44. Kh1 e5 45. Rf3 Qg5 46. Rf1 f4
47. Qf3 Qg3 48. Qd5+ Ke7 49. Qb7+ Kf6 50. Qf3 Qxf3+ 51. Rxf3 Ke6 52. Kh2 d5
53. h4 dxc4 54. dxc4 Kf5 55. Rd3 Ke4 0-1

[Event "Pohar mesta Ricany 2010 - cena Klidneho mesta"]
[Site "http://www.openricany.cz"]
[Date "2010.08.22"]
[Round "2.17"]
[White "Minasjan, Garegin"]
[Black "Moravec, Vit"]
[Result "0-1"]
[WhiteElo "1841"]
[BlackElo "2065"]

1. e4 c5 2. d3 Nc6 3. f4 e6 4. Nc3 d5 5. Nf3 d4 6. Ne2 Nf6 7. h3 Be7 8. g3 Nd7
9. Bg2 O-O 10. O-O f5 11. e5 Nb6 12. c4 dxc3 13. bxc3 c4 14. d4 Nd5 15. Qa4 Na5
16. Qc2 Bd7 17. Ne1 Bc6 18. Qd2 b5 19. Nc2 Rb8 20. Rb1 Ba8 21. Ba3 Nc6 22. Bxe7
Ncxe7 23. Rb2 a6 24. Rfb1 Nb6 25. Bxa8 Rxa8 26. Rf1 Na4 27. Rbb1 Nd5 28. Ne3 Rb8
29. Nxd5 Qxd5 30. Qc2 Rb7 31. a3 Rfb8 32. Nc1 a5 33. Na2 h6 34. Kh2 Kh8 35. g4
g6 36. Kg3 Qc6 37. Rg1 Nb6 38. Qg2 Qxg2+ 39. Rxg2 Nd5 40. Rgb2 Kg7 41. g5 hxg5
42. fxg5 Kf7 43. h4 Ke7 44. Kf3 Kd7 45. Rh1 Rh8 46. Rbh2 Rh5 47. Rc2 Kc6 48. Nc1
Rbh7 49. Rch2 Nxc3 50. Ke3 Kd5 51. Rc2 b4 52. axb4 axb4 53. Rb2 Rb7 54. Na2 Nxa2
55. Rxa2 Kc6 56. Ra6+ Rb6 57. Ra8 Kb5 58. Rc8 c3 59. Kd3 Rc6 60. Rb8+ Rb6
61. Rc8 Rb7 62. Ra1 Rxh4 63. Rc5+ Kb6 64. Rca5 Rh3+ 65. Kc2 Rh2+ 66. Kb3 Rb2+
67. Kc4 c2 68. Kd3 b3 69. R5a4 Rb1 {dale necitelne} 0-1

[Event "Pohar mesta Ricany 2010 - cena Klidneho mesta"]
[Site "http://www.openricany.cz"]
[Date "2010.08.22"]
[Round "2.43"]
[White "Ruzicka Vaclav sen."]
[Black "Hadrava Jaroslav"]
[Result "1-0"]
[WhiteElo "1682"]
[BlackElo "1908"]

1. Nf3 d5 2. c4 d4 3. d3 Nc6 4. e4 e5 5. Be2 Nge7 6. Bg5 f6 7. Bh4 Ng6 8. Bg3
Be7 9. Nbd2 O-O 10. h4 Nf4 11. Bxf4 exf4 12. a3 Ne5 13. Nh2 f5 14. Nhf3 Bf6
15. Nxe5 Bxe5 16. Nf3 Qe7 17. Nxe5 Qxe5 18. f3 Be6 19. Kf2 Rf6 20. h5 h6 21. Qb3
b6 22. Qb5 c5 23. b4 Rc8 24. bxc5 Qxc5 25. Rab1 Bf7 26. exf5 Rxf5 27. Qd7 Rxh5
28. Rxh5 Bxh5 29. Rb5 Be8 30. Qe6+ Bf7 31. Qf5 Qxf5 32. Rxf5 Rc5 33. Rxf4 Ra5
34. c5 Rxa3 35. Rxd4 Be8 36. Rd8 Kf8 37. d4 Ke7 38. Rb8 Ra2 39. d5 Bg6 40. Rb7+
Kd8 41. Ke3 Kc8 42. Rxg7 a5 43. d6 {dale necitelne} 1-0

[Event "Pohar mesta Ricany 2010 - cena Klidneho mesta"]
[Site "http://www.openricany.cz"]
[Date "2010.08.22"]
[Round "2.14"]
[White "Balacek Tadeas"]
[Black "Haman Jakub"]
[Result "0-1"]
[WhiteElo "2098"]
[BlackElo "1968"]

1. d4 Nf6 2. Nf3 e6 3. e3 b6 4. Bd3 Bb7 5. O-O Be7 6. b3 c5 7. Bb2 d6 8. c4
Nbd7 9. Nc3 O-O 10. Qe2 Rc8 11. Rad1 Re8 12. e4 cxd4 13. Nxd4 Qc7 14. Bb1 a6
15. f4 Qc5 16. e5 dxe5 17. Na4 Qc7 18. fxe5 Qxe5 19. Qxe5 Nxe5 20. Nxb6 Rcd8
21. Rfe1 Nc6 22. Na4 Bb4 23. Rf1 Ng4 24. Nc2 Be7 25. h3 Nge5 26. Ne3 Bg5 27. Kf2
f5 28. Ke2 Ng6 29. Nc5 Bc8 30. g3 Be7 31. Na4 Bd6 32. Rg1 Bb7 33. c5 Bc7 34. Nc4
Nce5 35. Nxe5 Nxe5 36. Ke3 Bc6 37. Nb6 Nf3 38. Rgf1 Ng5 39. h4 Nf7 40. Kf2 Ne5
41. Bxe5 Bxe5 42. b4 Bd4+ 43. Ke2 Bc3 44. a3 Bb2 45. Ba2 Kh8 46. Rxd8 Rxd8
47. Bxe6 Re8 48. Rxf5 Rxe6+ 49. Kd3 0-1

[Event "Pohar mesta Ricany 2010 - cena Klidneho mesta"]
[Site "http://www.openricany.cz"]
[Date "2010.08.22"]
[Round "2.29"]
[White "Umanec Filip"]
[Black "Forman"]
[Result "1-0"]
[WhiteElo "2225"]
[BlackElo "1891"]

1. e4 e6 2. d4 d5 3. Nc3 dxe4 4. Nxe4 Nf6 5. Nxf6+ Qxf6 6. Nf3 h6 7. Be3 b6
8. Ne5 Bb7 9. Bb5+ c6 10. Bd3 Bd6 11. f4 Na6 12. Be4 Bxe5 13. dxe5 Qe7 14. Qf3
O-O 15. O-O Rac8 16. c3 Nc5 17. Bc2 Rfd8 18. b4 Nd3 19. Bxb6 axb6 20. Bxd3 c5
21. Be4 Ba6 22. Rfb1 cxb4 23. cxb4 Rc4 24. a3 Rdd4 25. Re1 Qc7 26. Rad1 g6
27. h4 Qd8 28. h5 Kg7 29. hxg6 fxg6 30. Qg4 Qe8 31. Rxd4 Rxd4 32. Re3 h5 33. Qh4
Rd1+ 34. Kh2 Rd4 35. Qf6+ Kh6 36. Bc2 Rd2 37. Rc3 Bf1 38. Qg5+ Kg7 39. Rc7+ Kg8
40. Bxg6 Rxg2+ 41. Qxg2 1-0

[Event "Pohar mesta Ricany 2010 - cena Klidneho mesta"]
[Site "http://www.openricany.cz"]
[Date "2010.08.22"]
[Round "2.46"]
[White "Hlina Milos"]
[Black "David Kobesa"]
[Result "1-0"]
[WhiteElo "1892"]
[BlackElo "1534"]

1. d4 Nf6 2. Nf3 g6 3. b3 Bg7 4. e3 d5 5. Bd3 O-O 6. Nbd2 c6 7. h3 Nbd7 8. Bb2
Qc7 9. O-O Ne8 10. c4 e5 11. cxd5 cxd5 12. dxe5 Nxe5 13. Bxe5 Bxe5 14. Nxe5 Qxe5
15. Nf3 Qd6 16. Rc1 Be6 17. Qe2 Nf6 18. Rfd1 Rac8 19. Qb2 Qe7 20. Qe5 a6 21. Bb1
Nd7 22. Qb2 Rc5 23. Rxc5 Nxc5 24. Rc1 Ne4 25. Qd4 Ng5 26. Qf4 Qa3 27. Rc7 Nxf3+
28. Qxf3 Qb2 29. Qd1 Rc8 30. Rxc8+ Bxc8 31. Qc2 Qxc2 32. Bxc2 Kf8 33. Kf1 Ke7
34. Ke2 Kd6 35. Kd3 Kc5 36. Kc3 a5 37. a3 b5 38. b4+ axb4+ 39. axb4+ Kd6 40. Kd4
h5 41. h4 Bd7 42. e4 dxe4 43. Bxe4 Bc6 44. Bd3 Bd7 45. Be2 Bc6 46. g3 Bd7
47. Bd1 Be6 48. Bf3 Bc4 49. Bb7 Be6 50. f3 f6 51. Ke4 Bb3 52. g4 hxg4 53. fxg4
f5+ 54. gxf5 Bc2+ 55. Kf4 Bxf5 56. h5 Bd3 57. h6 g5+ 58. Kxg5 Ke5 59. Bc6 1-0

[Event "Pohar mesta Ricany 2010 - cena Klidneho mesta"]
[Site "http://www.openricany.cz"]
[Date "2010.08.22"]
[Round "2.4"]
[White "Matejovky P."]
[Black "Haba Zdenek"]
[Result "0-1"]
[WhiteElo "2037"]
[BlackElo "2252"]

1. b4 e5 2. Bb2 d6 3. e3 Nf6 4. Nf3 Be7 5. Be2 O-O 6. O-O c6 7. c4 a5 8. b5 e4
9. Nd4 c5 10. Nc2 d5 11. cxd5 Qxd5 12. Nc3 Qg5 13. f3 exf3 14. Bxf3 Nbd7 15. Qe2
Ne5 16. Na4 Nxf3+ 17. Qxf3 Rb8 18. Nb6 Be6 19. Bc3 Nd5 20. Bxa5 Bd8 21. Nxd5
Bxd5 22. Bxd8 Rbxd8 23. Qf2 Bc4 24. Rfb1 Bd3 25. Rb2 Qe5 26. Rab1 Rd6 27. Qf4
Qd5 28. e4 Bxe4 29. Ne3 Qd4 30. d3 Bxd3 31. Qxd4 cxd4 32. Nc2 Rc8 33. Re1 g6
34. Na1 f5 35. a4 b6 36. Nb3 Rc2 37. Rbb1 Be4 38. Rbd1 Kg7 39. Rxd4 Rxd4
40. Nxd4 Ra2 0-1

[Event "Pohar mesta Ricany 2010 - cena Klidneho mesta"]
[Site "http://www.openricany.cz"]
[Date "2010.08.22"]
[Round "2.16"]
[White "Wasserbauer Radek"]
[Black "Vorackova Jarmila"]
[Result "1/2-1/2"]
[WhiteElo "2066"]
[BlackElo "1932"]

1. c4 c6 2. g3 Nf6 3. Bg2 d5 4. b3 Bf5 5. Bb2 Nbd7 6. Nf3 e6 7. O-O Qb6 8. Qc1
Be7 9. d3 O-O 10. Nbd2 Rfd8 11. h3 Rac8 12. Nh4 Bd6 13. Kh2 d4 14. Ndf3 c5
15. Nxf5 exf5 16. Qg5 h6 17. Qd2 a5 18. Rab1 Qc7 19. Kh1 Re8 20. Bc1 Nh5 21. Kg1
f4 22. g4 Nhf6 23. Re1 Re6 24. a3 b6 25. b4 axb4 26. axb4 g5 27. bxc5 Bxc5
28. Qb2 Qd6 29. Bd2 Rce8 30. Kf1 Nb8 31. Bb4 Nc6 32. Bxc5 bxc5 33. Nd2 Nb4
34. Ne4 Nxe4 1/2-1/2

[Event "Pohar mesta Ricany 2010 - cena Klidneho mesta"]
[Site "http://www.openricany.cz"]
[Date "2010.08.22"]
[Round "2.15"]
[White "Lacha Jan"]
[Black "Postupa Pavel sen."]
[Result "1/2-1/2"]
[WhiteElo "1968"]
[BlackElo "2072"]

1. e4 c5 2. Nc3 Nc6 3. f4 g6 4. Nf3 Bg7 5. Bb5 e6 6. Bxc6 bxc6 7. O-O d5 8. e5
Ne7 9. b3 Ba6 10. d3 Nf5 11. Ne2 c4 12. g4 cxd3 13. cxd3 Qb6+ 14. Rf2 Ne3
15. Bxe3 Qxe3 16. Qc1 Qxc1+ 17. Rxc1 Bxd3 18. Rxc6 O-O 19. Ned4 Rfc8 20. Rd2
Rxc6 21. Nxc6 Be4 22. Ng5 Bb1 23. Rb2 Bd3 24. Rd2 Bb5 25. Rc2 h6 26. Nf3 Bf8
27. Nfd4 Bd3 28. Rc3 Be4 29. b4 a6 30. a4 Kg7 1/2-1/2

[Event "Pohar mesta Ricany 2010 - cena Klidneho mesta"]
[Site "http://www.openricany.cz"]
[Date "2010.08.22"]
[Round "2.12"]
[White "Drabek Vojtech"]
[Black "Fiala Jan"]
[Result "1-0"]
[WhiteElo "2128"]
[BlackElo "1984"]

1. d4 Nf6 2. c4 e5 3. dxe5 Ng4 4. e4 Nxe5 5. f4 Ng6 6. Nf3 Bb4+ 7. Nc3 Qe7
8. Bd3 Bxc3+ 9. bxc3 O-O 10. O-O Nc6 11. Nd4 Qc5 12. Be3 Qa5 13. Qd2 d6 14. Rab1
Nxd4 15. Bxd4 c5 16. Be3 Qc7 17. f5 Ne5 18. f6 Re8 19. fxg7 Be6 20. Rf4 Bxc4
21. Bxc4 Nxc4 22. Qe2 Nxe3 23. Qxe3 d5 24. Rbf1 Re7 25. e5 Rxe5 26. Qf3 Re7
27. Qxd5 Rd8 28. Qf5 Re5 29. Qxf7+ Qxf7 30. Rxf7 Rb8 31. Rf8+ 1-0

[Event "Pohar mesta Ricany 2010 - cena Klidneho mesta"]
[Site "http://www.openricany.cz"]
[Date "2010.08.22"]
[Round "2.36"]
[White "Havlicek Pavel"]
[Black "Ries Vilem"]
[Result "0-1"]
[WhiteElo "1810"]
[BlackElo "1940"]

1. e4 e5 2. Nf3 Nc6 3. Bc4 Nf6 4. O-O Bc5 5. b4 Bxb4 6. c3 Be7 7. d4 exd4
8. Re1 Nxe4 9. Qb3 Nd6 10. Bd3 O-O 11. cxd4 Ne8 12. Nc3 Nf6 13. d5 Nb4 14. Bc4
c6 15. dxc6 bxc6 16. Qa4 a5 17. a3 Na6 18. Qc2 d5 19. Ba2 Nc5 20. Be3 Ng4
21. Bd4 Ne6 22. h3 Nf6 23. Be3 Ba6 24. Nd4 Nxd4 25. Bxd4 c5 26. Be5 d4 27. Na4
Rc8 28. Rab1 d3 29. Qc3 d2 30. Red1 Ne4 31. Qf3 Qd3 32. Qg4 Bf6 33. Bxf6 Nxf6
0-1

[Event "Pohar mesta Ricany 2010 - cena Klidneho mesta"]
[Site "http://www.openricany.cz"]
[Date "2010.08.22"]
[Round "2.2"]
[White "Vojta Tomas"]
[Black "Vevera Radek"]
[Result "1-0"]
[WhiteElo "2380"]
[BlackElo "2044"]

1. e4 c5 2. f4 d5 3. exd5 Nf6 4. b3 Nxd5 5. Bb2 e6 6. Nf3 Nc6 7. Bb5 Bd7 8. O-O
Qb6 9. Bc4 O-O-O 10. Ne5 Be8 11. Qe1 Nd4 12. Na3 f6 13. Nf3 Nxf3+ 14. Rxf3 Bf7
15. Bf1 Be7 16. Rf2 Rhe8 17. g3 h5 18. Qe4 h4 19. Bg2 hxg3 20. hxg3 Rd7 21. d3
Red8 22. Nc4 Qc7 23. Re1 Nb4 24. Bh3 Rh8 25. Bxe6 Bxe6 26. Qxe6 Qc6 27. Qxc6+
Nxc6 28. Rfe2 b5 29. Na5 Nxa5 30. Rxe7 Rhd8 31. Kf2 Nc6 32. Rxd7 Kxd7 33. a3 Rh8
34. Kg2 Kd6 35. g4 a5 36. Kg3 Rc8 37. Re4 Kd5 38. f5 Ne5 39. c4+ 1-0

[Event "Pohar mesta Ricany 2010 - cena Klidneho mesta"]
[Site "http://www.openricany.cz"]
[Date "2010.08.22"]
[Round "2.22"]
[White "Suchomel Ales"]
[Black "Agacinski Tadeusz"]
[Result "1-0"]
[WhiteElo "1926"]
[BlackElo "2063"]

1. Nf3 Nf6 2. c4 c5 3. g3 Nc6 4. Bg2 d5 5. cxd5 Nxd5 6. O-O e6 7. Nc3 Nxc3
8. dxc3 Be7 9. Qxd8+ Bxd8 10. Be3 Bb6 11. Nd2 O-O 12. Ne4 Rd8 13. Rfd1 Rxd1+
14. Rxd1 Kf8 15. Bxc5+ Bxc5 16. Nxc5 Ke7 17. b3 Rb8 18. Bxc6 bxc6 19. b4 h5
20. Kg2 g6 21. Kf3 Ra8 22. a3 a5 23. Rd3 axb4 24. cxb4 Ra7 25. e4 Ba6 26. Nxa6
Rxa6 27. Ke3 e5 28. Kd2 Ra8 29. Kc2 f5 30. f3 fxe4 31. fxe4 Rf8 32. Kb3 g5
33. a4 g4 34. a5 Ke6 35. Kc4 Rf1 36. Ra3 Rc1+ 37. Kb3 Re1 38. a6 Rxe4 39. a7
Re3+ 40. Ka4 Rxa3+ 41. Kxa3 e4 42. a8=Q 1-0

[Event "Pohar mesta Ricany 2010 - cena Klidneho mesta"]
[Site "http://www.openricany.cz"]
[Date "2010.08.22"]
[Round "2.32"]
[White "Petrun Milan"]
[Black "Mejzr Jan"]
[Result "0-1"]
[WhiteElo "1968"]
[BlackElo "1863"]

1. e4 c5 2. Nf3 e6 3. d4 cxd4 4. Nxd4 a6 5. Bd3 Bc5 6. Nb3 Ba7 7. a4 Nc6 8. O-O
d6 9. Qg4 Nf6 10. Qg3 Ne5 11. Bg5 h6 12. Bd2 Rg8 13. Nc3 Ng6 14. Kh1 Nh5 15. Qf3
Qh4 16. Be2 Nf6 17. g3 Qh3 18. Rad1 Ne5 19. Qg2 Qxg2+ 20. Kxg2 Bd7 21. Bc1 Bc6
22. f3 Ke7 23. Na5 Rac8 24. h3 Rgd8 25. f4 Ned7 26. Bf3 Bb6 27. Nxc6+ bxc6
28. Be2 a5 29. b3 e5 30. Bf3 Ne8 31. Rfe1 f6 32. Bg4 Rc7 33. Re2 Nc5 34. Be3 Ba7
35. Bh5 Ne6 36. Bxa7 Rxa7 37. fxe5 fxe5 38. Red2 Nf6 39. Bf3 Nd4 40. Ne2 Nxf3
41. Kxf3 Rf8 42. Ke3 d5 43. exd5 cxd5 44. c3 Rb7 45. Rb2 Rfb8 46. Nc1 Ke6 47. g4
Rc7 48. Kd3 Ne4 0-1